Normal view
MARC view
Entry Personal Name
001 - CONTROL NUMBER
- control field: 7033
003 - CONTROL NUMBER IDENTIFIER
- control field: ARRUPE
005 - DATE AND TIME OF LATEST TRANSACTION
- control field: 20140123170546.0
008 - FIXED-LENGTH DATA ELEMENTS
- fixed length control field: 140123|| aca||aabn | a|a d
040 ## - CATALOGING SOURCE
- Original cataloging agency: ARRUPE
- Transcribing agency: ARRUPE
100 ## - HEADING--PERSONAL NAME
- Personal name: Foucault, Michel,
- Dates associated with a name: 1926-1984.
670 ## - SOURCE DATA FOUND
- Source citation: Work cat.: (ARRUPE)0: Taylor, Dianna 7032, Michel Foucault /, 2011.